Top 50 Countries With The Shortest Men - Statistics

General Stats
  • This quiz has been taken 72 times
  • The average score is 26 of 50
Answer Stats
cm Country % Correct
166.5 India
93%
166.2 Indonesia
84%
164.3 Nepal
82%
165.0 Bangladesh
79%
162.7 Laos
79%
165.2 Philippines
79%
165.3 Cambodia
77%
169.2 Malaysia
74%
168.8 Vietnam
74%
166.7 Myanmar
72%
166.3 Pakistan
72%
167.0 Bhutan
70%
168.0 Sri Lanka
70%
160.1 East Timor
68%
166.3 Brunei
60%
167.8 Maldives
58%
168.4 Afghanistan
56%
168.6 DR Congo
54%
167.7 Peru
54%
166.0 Rwanda
53%
164.3 Mozambique
51%
168.1 Bolivia
49%
165.6 Malawi
49%
168.5 Angola
47%
167.8 Lesotho
47%
168.4 Tajikistan
47%
164.4 Guatemala
46%
168.6 Uganda
46%
167.3 Burundi
44%
163.1 Papua New Guinea
44%
164.4 Yemen
44%
167.6 Zambia
44%
169.0 Central African Republic
42%
167.5 Ecuador
40%
168.1 Guinea-Bissau
40%
165.1 Madagascar
40%
169.3 South Africa
40%
167.7 Comoros
39%
166.4 Sierra Leone
39%
168.4 Benin
37%
168.2 Ivory Coast
37%
168.1 Equatorial Guinea
35%
165.5 Mauritania
35%
166.9 Tanzania
35%
165.4 Liberia
33%
168.8 Ethiopia
32%
168.3 Gambia
30%
163.0 Solomon Islands
30%
162.2 Vanuatu
30%
165.2 Marshall Islands
26%
No matching quizzes found
Score Distribution
Percent of People with Each Score
Percentile by Number Answered
Your Score History
You have not taken this quiz